Effective biblical counseling / (Record no. 1230)

MARC details
000 -LEADER
fixed length control field 00839pam a2200265 i 4500
001 - CONTROL NUMBER
control field 3192365
003 - CONTROL NUMBER IDENTIFIER
control field GBCCL
005 - DATE AND TIME OF LATEST TRANSACTION
control field 20241126110356.0
008 - FIXED-LENGTH DATA ELEMENTS--GENERAL INFORMATION
fixed length control field 770223s1977 miua 000 0 eng
010 ## -
-- 77002146
020 ## - INTERNATIONAL STANDARD BOOK NUMBER
International Standard Book Number 8173624739
040 ## - CATALOGING SOURCE
Original cataloging agency DLC
Transcribing agency DLC
Modifying agency DLC
050 00 -
-- BR110
-- .C76
082 00 - DEWEY DECIMAL CLASSIFICATION NUMBER
Classification number 253.5
Item number CRA
100 1# - MAIN ENTRY--PERSONAL NAME
Personal name Crabb, Larry,
Dates associated with a name 1944-
9 (RLIN) 2311
245 10 - TITLE STATEMENT
Title Effective biblical counseling /
Statement of responsibility, etc. Lawrence J. Crabb, Jr.
260 ## - PUBLICATION, DISTRIBUTION, ETC.
Place of publication, distribution, etc. Grand Rapids :
-- Hyderabad :
Name of publisher, distributor, etc. Zondervan Pub. House,
-- Authentic,
Date of publication, distribution, etc. c1977.
-- 2004, 2011.
300 ## - PHYSICAL DESCRIPTION
Extent 191 p. :
Other physical details ill. ;
Dimensions 23 cm.
630 00 - SUBJECT ADDED ENTRY--UNIFORM TITLE
Uniform title Bible
General subdivision Use.
9 (RLIN) 1787
650 #0 - SUBJECT ADDED ENTRY--TOPICAL TERM
Topical term or geographic name entry element Counseling
General subdivision Religious aspects
-- Christianity.
9 (RLIN) 2312
650 00 - SUBJECT ADDED ENTRY--TOPICAL TERM
Topical term or geographic name entry element Bible
General subdivision Psychology.
9 (RLIN) 2313
650 #0 - SUBJECT ADDED ENTRY--TOPICAL TERM
Topical term or geographic name entry element Pastoral counseling.
9 (RLIN) 547
906 ## - LOCAL DATA ELEMENT F, LDF (RLIN)
a 7
b cbc
c orignew
d 1
e ocip
f 19
g y-gencatlg
942 ## - ADDED ENTRY ELEMENTS (KOHA)
Source of classification or shelving scheme Dewey Decimal Classification
Koha item type Books
Koha issues (borrowed), all copies 26
Holdings
Withdrawn status Lost status Source of classification or shelving scheme Damaged status Not for loan Home library Current Library Shelving location Date acquired Total checkouts Total renewals Full call number Barcode Date last seen Date last checked out Copy number Price effective from Koha item type
    Dewey Decimal Classification     GRACE BIBLE COLLEGE GRACE BIBLE COLLEGE Ministry & Mission 2017-04-21 20 6 253.5 CRA 010583 2025-08-11 2025-08-04 c.1 2017-04-21 Books
    Dewey Decimal Classification     GRACE BIBLE COLLEGE GRACE BIBLE COLLEGE Ministry & Mission 2017-04-21 10 1 253.5 CRA 010584 2025-05-01 2024-07-15 c.2 2017-04-21 Books
© Grace Bible College Library 2025